IELTS EXPRESS (Record no. 8534)

000 -LEADER
fixed length control field 00207nam a22001097a 4500
040 ## - CATALOGING SOURCE
Transcribing agency SK
082 ## - DEWEY DECIMAL CLASSIFICATION NUMBER
Classification number 428
100 ## - MAIN ENTRY--AUTHOR NAME
Personal name RICHARD HALLOWS
245 ## - TITLE STATEMENT
Title IELTS EXPRESS
260 ## - PUBLICATION, DISTRIBUTION, ETC. (IMPRINT)
Place of publication USTRALIA
Name of publisher RIC
Year of publication NA
942 ## - ADDED ENTRY ELEMENTS (KOHA)
Koha item type សៀវភៅភាសាអង់គ្លេស
952 ## - LOCATION AND ITEM INFORMATION (KOHA)
Withdrawn status [LOCAL, KOHA] 0
952 ## - LOCATION AND ITEM INFORMATION (KOHA)
Withdrawn status [LOCAL, KOHA] 0
Holdings
Permanent Location Date acquired Koha item type Lost status Shelving location Barcode Current Location Full call number
Library Block C2016-08-03សៀវភៅភាសាអង់គ្លេស C185RUA045068Library Block C428 RIC NA C185
Library Block C2016-08-03សៀវភៅភាសាអង់គ្លេស C185RUA045304Library Block C428 RIC NA C185
មជ្ឈមណ្ឌលឯការនៃសាកលវិទ្យាល័យភូមិន្ទកសិកម្មចំការដូង

Powered by Koha